000 00498nam a2200169Ia 4500
008 090201s9999 xx 000 0 und d
010 _aKPL-9016
040 _bमराठी
041 _aमराठी
082 _a39953
_b9016
100 _aवसंत देशमुख
245 _aअद्भुत
_cवसंत देशमुख
260 _c2004
_bसुनंदा प्रकाशन
300 _a204
_bमोठा
600 _aअद्भुत
942 _cBOOK
999 _c237234
_d237234